Países mais próximos do Brasil - Statistics

Estatísticas Gerais
  • Esse quiz foi jogado 35 vezes
  • A pontuação média é 12 de 15
Estatísticas das Respostas
Milhas Quilômetros País % Correto
0 0 Bolívia
97%
6 10 Chile
97%
0 0 Colômbia
97%
0 0 Paraguai
97%
0 0 Argentina
94%
6 10 Equador
94%
0 0 Guiana
94%
0 0 Peru
94%
0 0 Suriname
94%
0 0 Venezuela
94%
0 0 França
71%
0 0 Uruguay
48%
1,150 1,850 Trinidad e Tobago
45%
1,430 2,300 Barbados
39%
1,550 2,500 Granada
35%
Nenhum quiz correspondente encontrado
Distribuição das Pontuações
Porcentagem de Pessoas com Cada Pontuação
Percentil de Números Respondidos
Sua Pontuação Histórica
Você não jogou esse quiz